| 000 | 00369nam a2200133Ia 4500 | ||
|---|---|---|---|
| 008 | 220204s9999 xx 000 0 und d | ||
| 082 |
_a338.43.01(540) _bAGR;1 |
||
| 100 | _aAGRAWAL, A N | ||
| 245 | 0 | _aIndian agriculture: Problems progress and prospects | |
| 260 |
_aNew Delhi _bVikas _c1980 |
||
| 650 | _aAgricultural development | ||
| 650 | _aIrrigation | ||
| 942 | _cBK | ||
| 999 |
_c37399 _d37399 |
||